| 000 | 00532nam a22001337a 4500 | ||
|---|---|---|---|
| 003 | SGT | ||
| 082 |
_a617.692 _bC14G |
||
| 100 | _aDIPTI, GOYAL | ||
| 245 | _aCOMPARING AND EVALUATION THE EFFICACY OF FULL MOUTH OCCLUSAL SPLINT AND NOCICEPTIVE TRIGEMINAL TENSION SUPPRESSION SYSTEM (NTI-TSS) IN TEMPOROMANDIBULAR DISORDER PATIENTS VIA ELECTROMYOGRAPHY MASTICATORY MUSCLES AND MAGNETIC RESONANCE IMAGING FINDINGS | ||
| 260 |
_aDELHI NCR _bSGT UNIVERSITY GURUGRAM _c2014 |
||
| 300 | _a1-82 | ||
| 650 | _aPROSTHODONTICS | ||
| 942 |
_2ddc _cTH |
||
| 999 |
_c17128 _d17128 |
||